000 01540ngm a22003850a 4500
001 PT38765
003 AR-LpoUNG
005 20210202000532.0
007 vd cvaizq
008 191001s1938||||ag |||||||||||||||||spa d
037 _c$7.65
040 _aAR-LpoUNG
_bspa
_cAR-LpoUNG
_eaacr
041 _aspa
044 _aag
082 0 _a303.69 681kil
100 1 _aSoffici, Mario
_edir.
245 1 0 _aKilómetro 111
260 _aBuenos Aires :
_bArte video,
_c31 de agosto de 1938.
300 _aDVD (103 min.) : son., byn
505 0 _aElenco: Pepe Arias, Ángel Magaña, Delia Garcés, José Olarra, Inés Edmonson. - Fotografía: Antonio Merayo. - Música: Rodolfo Sciammarella. - Escenografía: Raúl Soldi.
520 _aA fin de escapar del monopolio de los acopiadores, el jefe de una estación rural de ferrocarril permite a los colonos enviar su trigo a Buenos Aires sin cobrar el flete. Para rescatar a una sobrina que estudia cine y es acosada por el director de la academia, viaja a la ciudad, donde debe también defender su adhesión a los colonos. Alcanzado su propósito regresa al pueblo con su sobrina. Los colonos agradecidos le regalan una estación de servicio.
650 4 _aARGENTINA
650 4 _aDRAMA
650 4 _aFERROCARRILES
650 4 _aPOBLACION AGROCOLA
650 4 _aPOBLACION RURAL
650 4 _aTRABAJADORES
650 4 _aTRABAJADORES RURALES
651 4 _aArgentina
653 _aCINE
653 _aCINE ARGENTINO
653 _aDVD
905 _a38765
942 _cDVD
999 _c55078
_d55078